000 00810nam a2200229 a 4500
001 48752
003 BD-RjUL
005 20211209054559.0
008 160816s1976 BG |||| |||| 00| 0 ben d
020 _c:TK. 7.00
035 _a(BD-RjUL)48871
040 _aBD-RjUL
_bben
_cBD-RjUL
041 _aben
082 _223
_a891.441
_bRAB 1976
100 1 _a রহমান, হাসান হাফিজুর
_9147021
245 1 0 _aবজ্রে চেরা আঁধার আমার /
_cহাসান হাফিজুর রহমান
260 _aঢাকা :
_bসন্ধানী প্রকাশনী,
_c১৯৭৬
300 _a৬৮ পৃ ;
_c২১ সেমি.
650 _aবাংলা কবিতা
_9146440
650 _aBengali Poetry
_9146441
942 _2ddc
_cBK
999 _c48752
_d48752